Normal view
MARC view
Entry Personal Name
001 - CONTROL NUMBER
- control field: 51204
003 - CONTROL NUMBER IDENTIFIER
- control field: dpl
005 - DATE AND TIME OF LATEST TRANSACTION
- control field: 20120817122635.0
008 - FIXED-LENGTH DATA ELEMENTS
- fixed length control field: 120817|||a|||||| | ||| d
040 ## - CATALOGING SOURCE
- Original cataloging agency: dpl
- Transcribing agency: dpl
100 ## - HEADING--PERSONAL NAME
- Personal name: सिंह, निशांत
670 ## - SOURCE DATA FOUND
- Source citation: Work cat.: (dpl)60799: सिंह, निशांत, रोहित ज्ञान विज्ञान एन्साइक्लोपीडिया:पेड़ पौधों का जीवन/ , 2011
670 ## - SOURCE DATA FOUND
- Source citation: Work cat.: (dpl)60799: सिंह, निशांत, रोहित ज्ञान विज्ञान एन्साइक्लोपीडिया:पेड़ पौधों का जीवन/ , 2011
